| 000 | 00742 a2200193 4500 | ||
|---|---|---|---|
| 003 | Nust | ||
| 005 | 20221221090749.0 | ||
| 040 | _cNust | ||
| 082 | _a321.8,THO | ||
| 100 |
_aThomson, David _9105432 |
||
| 245 |
_aThe democratic ideal in france and england / _cDavid Thomson, |
||
| 250 | _a1st ed | ||
| 260 |
_aCambridge University Press _bToronto _c1944 |
||
| 300 |
_aviii, 136 p.; _billus _c24 cm |
||
| 505 | _aThe Democratic Ideal (Page-1), Democratic Politics (Page-24), Responsibility of Ministers (Page-51), Separation of Powers (Page-79), The Rule of Law (Page-105), Economic Democracy (Page-122). | ||
| 600 |
_aThomson, David, _9105432 |
||
| 650 |
_aThe democratic ideal in france and england _9105433 |
||
| 942 |
_2ddc _cBK _k321.8,THO |
||
| 999 |
_c184234 _d184234 |
||